000 00303nam a22001337a 4500
008 170303b xxu||||| |||| 00| 0 eng d
020 _a9780716749394
041 _aeng
080 _28TH
_a575
100 _a6
101 _aSHM
245 _aINTRODUCTION TO GENETIC ANALYSIS
_cGRIFFITHS
942 _2udc
_cBK
999 _c6727
_d6727